000 00841nam a22002532 4500
001 0000004297
005 20151217145802.0
008 070522s xx 000 0 eng d
040 _aKABU
_cKABU
050 0 _aQA276.12
_b.J64 2001
100 1 _aJohnson, Richard Arnold.
_@0000154781
245 1 0 _aMiller and Freund's Probability and statistics for engineers /
_cRichard A. Johnson.
246 3 _aProbability and statistics for engineers
250 _a5th ed.
260 _aNew Delhi :
_bPrentice Hall of India,
_cc2001.
300 _ax, 630 p.
650 0 _aEngineering
_xStatistical methods.
_@0000154782
650 0 _aProbabilities.
_@0000154769
700 1 _aFreund, John E.
_@0000154783
700 1 _aMiller, Irwin.
_@0000154784
908 _a070522
950 _@1
999 _c2592
_d2592